Official Methods Of Analysis (Registro nro. 236788)
[ vista simple ]
| 000 -LEADER | |
|---|---|
| campo de control de longitud fija | 00464nam a2200169Ia 4500 |
| 005 - FECHA Y HORA DE LA ÚLTIMA TRANSACCIÓN | |
| campo de control | 20250425162814.0 |
| 008 - DATOS DE LONGITUD FIJA--INFORMACIÓN GENERAL | |
| campo de control de longitud fija | 250425s9999 xx 000 0 und d |
| 020 ## - NÚMERO INTERNACIONAL ESTÁNDAR DEL LIBRO | |
| Número Internacional Estándar del Libro | 0935584897 |
| 041 ## - CÓDIGO DE IDIOMA | |
| -- | |
| Código de lengua original | eng |
| 082 ## - NÚMERO DE LA CLASIFICACIÓN DECIMAL DEWEY | |
| Número de clasificación | 543.1 |
| Iniciales del Autor | LAT |
| 010 ## - NÚMERO DE CONTROL DE LA BIBLIOTECA DEL CONGRESO | |
| Número de control de LC | 109342 |
| 100 ## - ENTRADA PRINCIPAL--NOMBRE DE PERSONA | |
| Nombre de persona | Latimer, Jr.; George W. |
| 245 #0 - MENCIÓN DEL TÍTULO | |
| Título | Official Methods Of Analysis |
| Mención de responsabilidad, etc. | George W.; Latimer, jr. |
| 260 ## - PUBLICACIÓN, DISTRIBUCIÓN, ETC. | |
| Lugar de publicación, distribución, etc. | Rockville, Maryland |
| Nombre del editor, distribuidor, etc. | AOAC |
| Fecha de publicación, distribución, etc. | 2019 |
| 300 ## - DESCRIPCIÓN FÍSICA | |
| Extensión | P. IREG. |
| Otras características físicas | Ilustraciones |
| Dimensiones | 29.5 cm |
| 942 ## - ELEMENTOS DE ENTRADA SECUNDARIOS (KOHA) | |
| Tipo de ítem Koha | Libros |
| Estatus retirado | Estado de pérdida | Estado de daño | No para préstamo | Biblioteca de origen | Biblioteca actual | Fecha de adquisición | Coste, precio normal de compra | Etiqueta RFID | Total de préstamos | Código de barras | Copia número | Tipo de ítem Koha |
|---|---|---|---|---|---|---|---|---|---|---|---|---|
| CENTRO DE INFORMACIÓN BIBLIOTECARIA | CENTRO DE INFORMACIÓN BIBLIOTECARIA | 02/09/2020 | 850.00 | 0000000000000000035127 | 80169 | 1 | Libros | |||||
| CENTRO DE INFORMACIÓN BIBLIOTECARIA | CENTRO DE INFORMACIÓN BIBLIOTECARIA | 02/09/2020 | 850.00 | 0000000000000000035100 | 80172 | 2 | Libros |